Digital image sequence processing, compression, and analysis / (Record no. 592320)

000 -LEADER
fixed length control field 01256cam a22002294a 4500
001 - CONTROL NUMBER
control field 13503195
003 - CONTROL NUMBER IDENTIFIER
control field NUST
005 - DATE AND TIME OF LATEST TRANSACTION
control field 20221116113045.0
008 - FIXED-LENGTH DATA ELEMENTS--GENERAL INFORMATION
fixed length control field 040226s2005 flua b 001 0 eng
010 ## - LIBRARY OF CONGRESS CONTROL NUMBER
LC control number 2004045491
020 ## - INTERNATIONAL STANDARD BOOK NUMBER
International Standard Book Number 0849315263 (alk. paper)
082 00 - DEWEY DECIMAL CLASSIFICATION NUMBER
Classification number 621.367,DIG
245 00 - TITLE STATEMENT
Title Digital image sequence processing, compression, and analysis /
Statement of responsibility, etc. edited by Todd R. Reed.
260 ## - PUBLICATION, DISTRIBUTION, ETC.
Place of publication, distribution, etc. Boca Raton :
Name of publisher, distributor, etc. CRC Press,
Date of publication, distribution, etc. c2005.
300 ## - PHYSICAL DESCRIPTION
Extent 272 p. :
Other physical details ill. ;
Dimensions 25 cm.
505 ## - FORMATTED CONTENTS NOTE
Formatted contents note Introduction (Page-1), Content-based image sequence representation (Page-5), The computation of motion (Page-73), Motion analysis and displacement estimation in the frequency domain (Page-109), Quality of service assessment in new generation wireless video communications (Page-135), Error concealment in digital video (Page-151), Image sequence restoration: A wider perspective (Page-177), Video summarization (Page-215), High resolution images from a sequence of low resolution observations (Page-233),
650 #0 - SUBJECT ADDED ENTRY--TOPICAL TERM
Topical term or geographic name entry element Image processing
General subdivision Digital techniques.
9 (RLIN) 673
650 #0 - SUBJECT ADDED ENTRY--TOPICAL TERM
Topical term or geographic name entry element Digital video.
9 (RLIN) 55774
700 1# - ADDED ENTRY--PERSONAL NAME
Personal name Reed, Todd Randall.
9 (RLIN) 96546
856 42 - ELECTRONIC LOCATION AND ACCESS
Materials specified Publisher description
Uniform Resource Identifier <a href="http://www.loc.gov/catdir/enhancements/fy0646/2004045491-d.html">http://www.loc.gov/catdir/enhancements/fy0646/2004045491-d.html</a>
942 ## - ADDED ENTRY ELEMENTS (KOHA)
Source of classification or shelving scheme
Koha item type Book
Holdings
Withdrawn status Lost status Source of classification or shelving scheme Damaged status Not for loan Permanent Location Current Location Shelving location Date acquired Total Checkouts Full call number Barcode Date last seen Price effective from Koha item type Public note
          Military College of Signals (MCS) Military College of Signals (MCS) General Stacks 11/16/2022   621.367,DIG MCS33210 11/16/2022 11/16/2022 Book Almirah No.30, Shelf No.3
© 2023 Central Library, National University of Sciences and Technology. All Rights Reserved.